|
|
|
|
| LEADER |
00000cam a2200000 7i4500 |
| 001 |
0000202289 |
| 005 |
20160229.0 |
| 090 |
0 |
0 |
|a F
|b DAN
|
| 100 |
1 |
|
|a Fogelman, Dan
|
| 245 |
1 |
0 |
|a Danny Collins [
|h digital video disc]
|c Dan Fogelman
|
| 260 |
|
|
|a s.l. :
|b Warner Bros Pictures ,
|c 2014
|
| 300 |
|
|
|a 1 digital video disc (132 minutes) :
|b col
|
| 500 |
|
|
|a Library has 1 copy
|
| 521 |
0 |
|
|a For 18 + with elements for mature audiences (violence, horror, sex, politics, religion, counter-culture) (18)
|
| 650 |
0 |
0 |
|a Movies, English
|
| 999 |
|
|
|a AV 37857
|b DIGITAL VIDEO DISC
|c PINJAMAN
|e PERPUSTAKAAN KOMUNITI PETALING JAYA
|